| 000 | 00649cam a2200253 4500 | ||
|---|---|---|---|
| 001 | M1374 | ||
| 008 | 090401t1993 xxu||||| |||| 00| 0 eng d | ||
| 035 | _a(Sirsi) u31448 | ||
| 041 | _aeng | ||
| 050 | _a332.025 | ||
| 245 | _aKelly`s directory of financial, legal and property services 1993. | ||
| 250 | _a2nd ed. | ||
| 260 |
_aLondon _bReed Information Services _c1993 |
||
| 300 | _axv,333p. ; 30cm. | ||
| 350 | _a52.7 | ||
| 650 | _aDIRECTORIES | ||
| 650 | _aFINANCIAL SERVICES | ||
| 650 | _aLEGAL SERVICES | ||
| 650 | _aLONDON | ||
| 650 | _aPROPERTY SERVICES | ||
| 690 | _aECONOMIC AND SOCIAL | ||
| 942 | _n0 | ||
| 948 | _c04/03/1997 | ||
| 999 |
_c89596 _d89596 |
||